01092nas a2200265Ia 4500001001100000003000900011008004100020040001300061040001300074041001300087100003800100210001000138222001000148245008400158250001100242260004100253501008600294300001800380362003500398500026000433650003900693700002000732700002100752700005300773R455/G6454IT-RoPAU151124c99999999xx |||||||||||| ||und|| aIT-RoPAU cIT-RoPAU aITALIANO aAA.VV. gCodice Aut. SPICS: 12000 aJESUS aJesus aJESUS, ANNO 23-N.02 (FEBBRAIO 2001)bBibbia Superstar: Le "Scuole Della Parola" a1a ed. aALBA (CN)bPERIODICI SAN PAOLOc2001 bPaulus - SPICS - Società San Paolo EM (non-commercial uses only)cCopyright2015 a13 p. [47-59] aANNO 023, N.02 (FEBBRAIO 2001) aSono Esplose Silenziosamente in Tutta Italia Spontaneamente Dal Basso, e Oggi Migliaia di Credenti le Frequentano per "Tornare Alla Sorgente" e Irrobustire la Propria Vita Spirituale. Cercando Dio tra le Righe di A. Valle. La Parola tra Fede, Cultura e Is aPASTORALEvPUBBLICAZIONE PERIODICA aFerro' Giovanni aValle Annachiara gCodice Aut. SPICS: 54920Codice Aut. SPICS: 51323